| 000 | 00580nam a2200181Ia 4500 | ||
|---|---|---|---|
| 003 | GCL | ||
| 008 | 140319s9999 xx 000 0 ara d | ||
| 040 |
_aGCL / _cGCL |
||
| 082 | 0 | 4 |
_a667.7 _bح م |
| 100 | 1 | _aحسين محمد جمعة | |
| 245 | 1 | 0 |
_aموسوعة الدهانات والورنيشات المعمارية والصناعية / _cحسين محمد جمعة |
| 260 |
_a[S.N] : _bمكتب الدراسات والاستشارات الهندسية |
||
| 300 | _a253 ص | ||
| 490 | _a | ||
| 650 | 0 | 4 | _aالعمارة |
| 650 | 0 | 4 | _aالدهانات |
| 942 |
_2ddc _cBK |
||
| 999 |
_c30155 _d30155 |
||